<?xml version="1.0" encoding="UTF-8"?>
<record
    xmlns:xsi="http://www.w3.org/2001/XMLSchema-instance"
    xsi:schemaLocation="http://www.loc.gov/MARC21/slim http://www.loc.gov/standards/marcxml/schema/MARC21slim.xsd"
    xmlns="http://www.loc.gov/MARC21/slim">

  <leader>02786nam a2200325 ia4500</leader>
  <controlfield tag="005">20260518165930.0</controlfield>
  <controlfield tag="008">260401t20252025njuad  erb    001 0beng d</controlfield>
  <datafield tag="020" ind1=" " ind2=" ">
    <subfield code="a">9781394273379</subfield>
    <subfield code="c">RM 90.09</subfield>
    <subfield code="q">paperback</subfield>
  </datafield>
  <datafield tag="040" ind1=" " ind2=" ">
    <subfield code="a">PPAK</subfield>
    <subfield code="b">eng</subfield>
    <subfield code="c">PPAK</subfield>
    <subfield code="e">rda</subfield>
  </datafield>
  <datafield tag="082" ind1="0" ind2="4">
    <subfield code="2">23</subfield>
    <subfield code="a">612.82</subfield>
  </datafield>
  <datafield tag="090" ind1="0" ind2="0">
    <subfield code="a">612.82</subfield>
    <subfield code="b">MCK</subfield>
    <subfield code="d">G</subfield>
  </datafield>
  <datafield tag="100" ind1="1" ind2=" ">
    <subfield code="a">McKay, Sarah </subfield>
    <subfield code="c">DPhil,</subfield>
    <subfield code="e">author.</subfield>
  </datafield>
  <datafield tag="245" ind1="1" ind2="0">
    <subfield code="a">Brain Health /</subfield>
    <subfield code="c">by Sarah McKay, DPhil</subfield>
  </datafield>
  <datafield tag="246" ind1="3" ind2="0">
    <subfield code="a">Brain health for dummies</subfield>
  </datafield>
  <datafield tag="264" ind1=" " ind2="1">
    <subfield code="a">Hoboken, New Jersey : </subfield>
    <subfield code="b">John Wiley &amp; Sons, Inc., </subfield>
    <subfield code="c">2025</subfield>
  </datafield>
  <datafield tag="264" ind1=" " ind2="4">
    <subfield code="c">&#xA9;2025</subfield>
  </datafield>
  <datafield tag="300" ind1=" " ind2=" ">
    <subfield code="a">xvii, 360 pages :</subfield>
    <subfield code="b">illustration, charts ;</subfield>
    <subfield code="c">24 cm</subfield>
  </datafield>
  <datafield tag="336" ind1=" " ind2=" ">
    <subfield code="a">text</subfield>
    <subfield code="2">rdacontent</subfield>
  </datafield>
  <datafield tag="337" ind1=" " ind2=" ">
    <subfield code="a">unmediated</subfield>
    <subfield code="2">rdamedia</subfield>
  </datafield>
  <datafield tag="338" ind1=" " ind2=" ">
    <subfield code="a">volume</subfield>
    <subfield code="2">rdacarrier</subfield>
  </datafield>
  <datafield tag="490" ind1="1" ind2=" ">
    <subfield code="a">LEARNING MADE EASY</subfield>
  </datafield>
  <datafield tag="490" ind1="1" ind2=" ">
    <subfield code="a">For dummies</subfield>
  </datafield>
  <datafield tag="505" ind1="0" ind2=" ">
    <subfield code="a">Part 1. An introduction to brain health. Embracing brain health fundamentals ; Getting to know your brain and nervous system ; Measuring and monitoring brain health ; Examining brain health disorders and diseases ; Calculating the causes and risks of brain health problems -- Part 2. Charting brain health at different ages and stages. Nurturing healthy brain development in childhood ; Fostering healthy brain development in adolescence ; Supporting healthy brain aging -- Part 3. Beyond aging : other factors that impact brain health. Understanding the interplay of sex and gender in brain health ; Managing brain health after head injury ; Wondering at the world : the environment and brain health -- Part 4. Keeping your brain healthy. Nourishing your brain : nutrition and brain health ; Moving your body for brain health ; Sleeping your way to better brain health ; Socializing your way to a healthier brain ; Challenging your cognition for better brain health -- Part 4. Avoiding brain health hazards. Buffering against toxic stress ; Rethinking drugs and alcohol ; Avoiding metabolic syndrome ; Avoiding hearing loss -- Part 6. The part of tens. Ten ways to hurt your happy, healthy brain ; Ten functions of a high-performing, happy, healthy brain.</subfield>
  </datafield>
  <datafield tag="520" ind1=" " ind2=" ">
    <subfield code="a">"The brain is your hardest-working organ. Brain health for dummies shows you how to support its many functions, so it can keep thriving for years to come. Brain health is important for your mood and mental health, performance at school and work, and your well-being as you age. With the simple strategies inside, you can keep your brain in top shape and lessen your chance of decline later in life. This book explains the science behind brain health and gives you advice you can use as you become your own brain health coach"-- </subfield>
    <subfield code="c">Back cover.</subfield>
  </datafield>
  <datafield tag="650" ind1="1" ind2="0">
    <subfield code="a">Brain</subfield>
    <subfield code="x">Health</subfield>
    <subfield code="v">Popular works</subfield>
  </datafield>
  <datafield tag="650" ind1="2" ind2="0">
    <subfield code="a">Neurosciences </subfield>
    <subfield code="v">Popular works. </subfield>
  </datafield>
  <datafield tag="830" ind1=" " ind2="0">
    <subfield code="a">Learning made easy</subfield>
  </datafield>
  <datafield tag="830" ind1=" " ind2="0">
    <subfield code="a">For dummies</subfield>
  </datafield>
  <datafield tag="942" ind1=" " ind2=" ">
    <subfield code="2">ddc</subfield>
    <subfield code="c">B</subfield>
  </datafield>
  <datafield tag="999" ind1=" " ind2=" ">
    <subfield code="c">203657</subfield>
    <subfield code="d">203657</subfield>
  </datafield>
</record>
